| 000 | 03364cgm a2200685Ia 4500 | ||
|---|---|---|---|
| 001 | ocn785746189 | ||
| 003 | OCoLC | ||
| 005 | 20200320185938.0 | ||
| 007 | vd cvaizq | ||
| 008 | 120413s2009 xxu107 vlfre d | ||
| 020 | _c15.95 | ||
| 024 | 1 | _a796019823777 | |
| 028 | 4 | 2 |
_a82377 _bARC Entertainment |
| 035 | _a(OCoLC)785746189 | ||
| 040 |
_aHFU _cHFU _dHFU _dWACOL |
||
| 041 | 1 |
_afre _aeng _arus _jeng _hfre |
|
| 043 | _ae-ur--- | ||
| 049 | _aWACL | ||
| 082 | 0 | 4 |
_a791.43/72 _222 |
| 092 |
_aDVD _bCon |
||
| 245 | 0 | 4 |
_aThe concert _h[videorecording] : _ban uplifting comedy about a true band of misfits / _cThe Weinstein Company and Les Productions du Trésor present ... [et al.] ; screenplay by Radu Mihaileanu and Alain-Michel Blanc in collaboration with Matthew Robbins ; produced by Alain Attal ; directed by Radu Mihaileanu. |
| 260 |
_a[United States] : _bARC Entertainment, _cc2009. |
||
| 300 |
_a1 videodisc (107 min.) : _bsd., col. ; _c4 3/4 in. |
||
| 538 | _aDVD ; widescreen presentation ; Dolby digital 5.1 surround. | ||
| 546 | _aIn French and Russian or dubbed English, with optional subtitles in English. | ||
| 511 | 1 | _aAlekseĭ Guskov, Dmitri Nazarov, François Berléand, Mélanie Laurent, Miou-Miou. | |
| 508 | _aComposer, Armand Amar ; editor, Ludo Troch ; director of photography, Laurent Dailland. | ||
| 500 | _aBased on an original story by Héctor Cabello Reyes and Thierry Degrandi. | ||
| 521 | 8 | _aMPAA rating: PG-13; for brief strong language and some sexual content. | |
| 520 | _aThirty years ago, Andrei Simoniovich Filipov, conductor of the Bolshoi orchestra, was fired for hiring Jewish musicians. Now a cleaning man at the Bolshoi, he hears the Théâtre du Châtelet in Paris has invited the Bolshoi orchestra to play there. He gathers together his former musicians and a young solo violin virtuoso to perform in Paris in the place of the current Bolshoi orchestra. If they all overcome the hardships ahead, this very special concert will be a triumph. | ||
| 610 | 2 | 0 |
_aBolʹshoĭ teatr Rossii. _bOrkestr _vDrama. _95870738 |
| 650 | 0 |
_aConductors (Music) _zSoviet Union _vDrama. _95870739 |
|
| 650 | 0 |
_aJewish musicians _vDrama. _95870740 |
|
| 655 | 7 |
_aFeature films. _2lcgft _95870741 |
|
| 655 | 7 |
_aComedy films. _2lcgft _9102658 |
|
| 700 | 1 |
_aMihaileanu, Radu. _95870742 |
|
| 700 | 1 |
_aBlanc, Alain-Michel. _95870743 |
|
| 700 | 1 |
_aRobbins, Matthew. _94316 |
|
| 700 | 1 |
_aAttal, Alain. _95870744 |
|
| 700 | 1 |
_aGusʹkov, Alekseĭ. _95870745 |
|
| 700 | 1 |
_aNazarov, Dmitriĭ, _d1957- _95870746 |
|
| 700 | 1 |
_aLaurent, Mélanie, _d1983- _95854744 |
|
| 700 | 1 |
_aBerléand, François. _958630 |
|
| 700 | 0 |
_aMiou-Miou, _d1950- _938901 |
|
| 700 | 1 |
_aAmar, Armand. _95870747 |
|
| 700 | 1 |
_aReyes, Héctor Cabello. _95870748 |
|
| 700 | 1 |
_aDegrandi, Thierry. _95870749 |
|
| 700 | 1 |
_aDailland, Laurent. _95870750 |
|
| 700 | 1 |
_aTroch, Ludo. _95870751 |
|
| 710 | 2 |
_aWeinstein Company. _973072 |
|
| 710 | 2 |
_aProductions du Trésor. _95870752 |
|
| 710 | 2 |
_aStudio Canal+. _95870753 |
|
| 710 | 2 |
_aCinécinéma (Firm) _95870754 |
|
| 710 | 2 |
_aFrance 3 cinéma (Firm) _976634 |
|
| 710 | 2 |
_aARC Entertainment (Firm) _95810268 |
|
| 942 |
_cDVD _029 |
||
| 948 |
_a04/20/2012 _zSirsi |
||
| 994 |
_a02 _bWACOL |
||
| 996 |
_a90147 _b34301001070640 _cDVD _dDVD _ewcl _fi _g29 _h15.95 _lamazon _mCon _p04/20/2012 _q08/15/2018 _r08/09/2018 |
||
| 999 |
_c277590 _d277590 |
||